[Event "OeISM B U16"]
[Site "austriaU16b"]
[Date "2020.12.11"]
[Round "6"]
[White "Mat_Sta"]
[Black "Nasnaseez"]
[Result "0-1"]
[WhiteElo "1934"]
[BlackElo "1790"]
[Annotator "NA"]
[PlyCount "80"]
[EventDate "2020.12.11"]
[EventType "blitz"]

1. Nf3 {[%emt 0:00:03]} Nf6 {[%emt 0:00:02]} 2. g3 {[%emt 0:00:07]} g6 {[%emt 0:00:01]} 3. Bg2 {[%emt 0:00:01]} Bg7 {[%emt 0:00:00]} 4. O-O {[%emt 0:00:00]} d6 {[%emt 0:00:01]} 5. d4 {[%emt 0:00:02]} O-O {[%emt 0:00:00]} 6. c4 {[%emt 0:00:01]} Nbd7 {[%emt 0:00:01]} 7. Nc3 {[%emt 0:00:01]} e5 {[%emt 0:00:01]} 8. e3 {[%emt 0:00:04]} c6 {[%emt 0:00:02]} 9. b3 {[%emt 0:00:06]} a6 {[%emt 0:00:15]} 10. Rb1 {[%emt 0:00:09]} e4 {[%emt 0:00:09]} 11. Nd2 {[%emt 0:00:06]} d5 {[%emt 0:00:01]} 12. cxd5 {[%emt 0:00:02]} cxd5 {[%emt 0:00:00]} 13. Ba3 {[%emt 0:00:01]} Re8 {[%emt 0:00:01]} 14. Na4 {[%emt 0:00:08]} b5 {[%emt 0:00:03]} 15. Nc5 {[%emt 0:00:03]} Qa5 {[%emt 0:00:05]} 16. Bc1 {[%emt 0:00:36]} Nxc5 {[%emt 0:00:18]} 17. dxc5 {[%emt 0:00:06]} b4 {[%emt 0:00:02]} 18. Qc2 {[%emt 0:00:12]} Bd7 {[%emt 0:00:08]} 19. Bb2 {[%emt 0:00:10]} Rec8 {[%emt 0:00:08]} 20. Bd4 {[%emt 0:00:03]} Bb5 {[%emt 0:00:04]} 21. Rfc1 {[%emt 0:00:08]} Bd3 {[%emt 0:00:04]} 22. Qb2 {[%emt 0:00:01]} Bxb1 {[%emt 0:00:01]} 23. Rxb1 {[%emt 0:00:07]} Ne8 {[%emt 0:00:06]} 24. Bxg7 {[%emt 0:00:07]} Nxg7 {[%emt 0:00:00]} 25. Bh3 {[%emt 0:00:01]} Rxc5 {[%emt 0:00:04]} 26. Qd4 {[%emt 0:00:04]} Ne6 {[%emt 0:00:15]} 27. Bxe6 {[%emt 0:00:04]} fxe6 {[%emt 0:00:00]} 28. Qf6 {[%emt 0:00:02]} Qb6 {[%emt 0:00:06]} 29. h4 {[%emt 0:00:15]} Rf8 {[%emt 0:00:02]} 30. Qd4 {[%emt 0:00:08]} Qc7 {[%emt 0:00:13]} 31. Kg2 {[%emt 0:00:11]} e5 {[%emt 0:00:02]} 32. Qxb4 {[%emt 0:00:08]} Rc2 {[%emt 0:00:06]} 33. Rf1 {[%emt 0:00:15]} Rb8 {[%emt 0:00:05]} 34. Qa3 {[%emt 0:00:23]} Rxd2 {[%emt 0:00:02]} 35. Qxa6 {[%emt 0:00:02]} Qf7 {[%emt 0:00:03]} 36. Qd6 {[%emt 0:00:03]} Rf8 {[%emt 0:00:04]} 37. Qxe5 {[%emt 0:00:03]} Rxf2+ {[%emt 0:00:01]} 38. Rxf2 {[%emt 0:00:01]} Qxf2+ {[%emt 0:00:00]} 39. Kh1 {[%emt 0:00:04]} Qf1+ {[%emt 0:00:01]} 40. Kh2 {[%emt 0:00:01]} Rf2# {[%emt 0:00:01] Mate Mate} 0-1

[Event "OeISM B U16"]
[Site "austriaU16b"]
[Date "2020.12.11"]
[Round "6"]
[White "Daniel05"]
[Black "gor200506"]
[Result "1-0"]
[WhiteElo "1823"]
[BlackElo "1746"]
[Annotator "NA"]
[PlyCount "87"]
[EventDate "2020.12.11"]
[EventType "blitz"]

1. d4 {[%emt 0:00:02]} d5 {[%emt 0:00:03]} 2. c4 {[%emt 0:00:01]} e6 {[%emt 0:00:03]} 3. Nc3 {[%emt 0:00:01]} c6 {[%emt 0:00:01]} 4. Nf3 {[%emt 0:00:03]} Nf6 {[%emt 0:00:01]} 5. Bg5 {[%emt 0:00:01]} h6 {[%emt 0:00:03]} 6. Bxf6 {[%emt 0:00:04]} Qxf6 {[%emt 0:00:11]} 7. e4 {[%emt 0:00:00]} Bb4 {[%emt 0:00:16]} 8. e5 {[%emt 0:00:06]} Qe7 {[%emt 0:00:02]} 9. Bd3 {[%emt 0:00:06]} Nd7 {[%emt 0:00:11]} 10. O-O {[%emt 0:00:01]} Nb6 {[%emt 0:00:01]} 11. c5 {[%emt 0:00:03]} Bxc3 {[%emt 0:00:10]} 12. bxc3 {[%emt 0:00:02]} Nd7 {[%emt 0:00:04]} 13. Nd2 {[%emt 0:00:09]} b6 {[%emt 0:00:03]} 14. cxb6 {[%emt 0:00:01]} Nxb6 {[%emt 0:00:04]} 15. f4 {[%emt 0:00:01]} Bd7 {[%emt 0:00:18]} 16. Nb3 {[%emt 0:00:03]} Na4 {[%emt 0:00:25]} 17. Qc2 {[%emt 0:00:03]} c5 {[%emt 0:00:19]} 18. f5 {[%emt 0:01:07]} c4 {[%emt 0:00:58]} 19. fxe6 {[%emt 0:00:02]} Bxe6 {[%emt 0:00:04]} 20. Nd2 {[%emt 0:00:03]} Nb6 {[%emt 0:00:17]} 21. Bf5 {[%emt 0:00:03]} Kd7 {[%emt 0:00:06]} 22. a4 {[%emt 0:00:08]} Rhf8 {[%emt 0:00:03]} 23. a5 {[%emt 0:00:02]} Nc8 {[%emt 0:00:01]} 24. Qa4+ {[%emt 0:00:02]} Kd8 {[%emt 0:00:01]} 25. Qc6 {[%emt 0:00:06]} Rb8 {[%emt 0:00:02]} 26. Bxe6 {[%emt 0:00:14]} fxe6 {[%emt 0:00:03]} 27. Rxf8+ {[%emt 0:00:03]} Qxf8 {[%emt 0:00:01]} 28. Qxe6 {[%emt 0:00:01]} Qf4 {[%emt 0:00:01]} 29. Qxd5+ {[%emt 0:00:03]} Ke8 {[%emt 0:00:02]} 30. Qc6+ {[%emt 0:00:05]} Ke7 {[%emt 0:00:04]} 31. Qc7+ {[%emt 0:00:01]} Ke6 {[%emt 0:00:02]} 32. Qxb8 {[%emt 0:00:01]} Qe3+ {[%emt 0:00:01]} 33. Kh1 {[%emt 0:00:01]} Qxd2 {[%emt 0:00:02]} 34. Qxc8+ {[%emt 0:00:01]} Kd5 {[%emt 0:00:01]} 35. Qb7+ {[%emt 0:00:02]} Ke6 {[%emt 0:00:02]} 36. Qc6+ {[%emt 0:00:01]} Kf5 {[%emt 0:00:01]} 37. Rf1+ {[%emt 0:00:02]} Kg5 {[%emt 0:00:01]} 38. Qxc4 {[%emt 0:00:02]} Kh5 {[%emt 0:00:03]} 39. Qf7+ {[%emt 0:00:02]} g6 {[%emt 0:00:01]} 40. h3 {[%emt 0:00:04]} Qxc3 {[%emt 0:00:01]} 41. Qf3+ {[%emt 0:00:02]} Qxf3 {[%emt 0:00:02]} 42. Rxf3 {[%emt 0:00:00]} Kg5 {[%emt 0:00:01]} 43. e6 {[%emt 0:00:03]} Kh5 {[%emt 0:00:02]} 44. e7 {[%emt 0:00:01] gor200506 resigns (Lag: Av=0.31s, max=2.9s)} 1-0

[Event "OeISM B U16"]
[Site "austriaU16b"]
[Date "2020.12.11"]
[Round "6"]
[White "gadoru"]
[Black "MasterWeichhart"]
[Result "1-0"]
[WhiteElo "1687"]
[BlackElo "1802"]
[Annotator "NA"]
[PlyCount "45"]
[EventDate "2020.12.11"]
[EventType "blitz"]

1. e4 {[%emt 0:00:02]} e6 {[%emt 0:00:02]} 2. d4 {[%emt 0:00:02]} d5 {[%emt 0:00:02]} 3. Nd2 {[%emt 0:00:01]} c5 {[%emt 0:00:02]} 4. exd5 {[%emt 0:00:02]} Qxd5 {[%emt 0:00:02]} 5. Ngf3 {[%emt 0:00:03]} cxd4 {[%emt 0:00:04]} 6. Bc4 {[%emt 0:00:04]} Qd7 {[%emt 0:00:07]} 7. O-O {[%emt 0:00:03]} Nf6 {[%emt 0:00:03]} 8. Nb3 {[%emt 0:00:02] MasterWeichhart reconnected.} a6 {[%emt 0:00:36]} 9. Nbxd4 {[%emt 0:00:07]} Bc5 {[%emt 0:00:03]} 10. Re1 {[%emt 0:00:11]} O-O {[%emt 0:00:09]} 11. c3 {[%emt 0:00:33]} b5 {[%emt 0:00:03]} 12. Bf1 {[%emt 0:00:18]} Nc6 {[%emt 0:00:03]} 13. Nxc6 {[%emt 0:00:10]} Qxc6 {[%emt 0:00:00]} 14. Be3 {[%emt 0:00:10]} Bxe3 {[%emt 0:00:05]} 15. Rxe3 {[%emt 0:00:03]} Bb7 {[%emt 0:00:01]} 16. Qc2 {[%emt 0:00:09]} Rfd8 {[%emt 0:00:09]} 17. Rd1 {[%emt 0:00:05]} Nd5 {[%emt 0:00:05]} 18. Red3 {[%emt 0:00:16]} Qc7 {[%emt 0:00:07]} 19. Qd2 {[%emt 0:00:12] MasterWeichhart reconnected.} Kf8 {[%emt 0:00:53]} 20. Qg5 {[%emt 0:00:11]} Nf6 {[%emt 0:00:11]} 21. Ne5 {[%emt 0:00:35]} h6 {[%emt 0:00:09]} 22. Qe3 {[%emt 0:00:07]} Nd5 {[%emt 0:00:09]} 23. Qe1 {[%emt 0:00:17] Time Time in Reconn Time MasterWeichhart reconnected. Time Time MasterWeichhart reconnected. Time} 1-0

[Event "OeISM B U16"]
[Site "austriaU16b"]
[Date "2020.12.11"]
[Round "6"]
[White "Moritz_Pernerstorfer"]
[Black "MGamer"]
[Result "0-1"]
[WhiteElo "1614"]
[BlackElo "1591"]
[Annotator "NA"]
[PlyCount "86"]
[EventDate "2020.12.11"]
[EventType "blitz"]

1. e4 {[%emt 0:00:04]} e5 {[%emt 0:00:02]} 2. Nf3 {[%emt 0:00:02]} Nc6 {[%emt 0:00:02]} 3. d4 {[%emt 0:00:01]} exd4 {[%emt 0:00:02]} 4. Nxd4 {[%emt 0:00:00]} Bc5 {[%emt 0:00:01]} 5. Nxc6 {[%emt 0:00:09]} bxc6 {[%emt 0:00:04]} 6. Nc3 {[%emt 0:00:04]} Ne7 {[%emt 0:00:07]} 7. Bc4 {[%emt 0:00:07]} d6 {[%emt 0:00:21]} 8. O-O {[%emt 0:00:21]} O-O {[%emt 0:00:02]} 9. Qe2 {[%emt 0:00:33]} Be6 {[%emt 0:00:08]} 10. Bd3 {[%emt 0:00:04]} Ng6 {[%emt 0:00:18]} 11. Be3 {[%emt 0:00:27]} Bb6 {[%emt 0:00:06]} 12. f4 {[%emt 0:00:07]} f5 {[%emt 0:00:37]} 13. Rad1 {[%emt 0:00:39]} Qf6 {[%emt 0:00:24]} 14. Bxb6 {[%emt 0:00:23]} axb6 {[%emt 0:00:08]} 15. g3 {[%emt 0:00:07]} Rae8 {[%emt 0:00:02]} 16. Qf2 {[%emt 0:00:14]} Qf7 {[%emt 0:00:25]} 17. exf5 {[%emt 0:00:02]} Bxf5 {[%emt 0:00:01]} 18. Bxf5 {[%emt 0:00:02]} Qxf5 {[%emt 0:00:00]} 19. Rfe1 {[%emt 0:00:01]} Ne7 {[%emt 0:00:08]} 20. Kg2 {[%emt 0:00:04]} g5 {[%emt 0:00:10]} 21. Rf1 {[%emt 0:00:05]} Ng6 {[%emt 0:00:03]} 22. fxg5 {[%emt 0:00:02]} Qxg5 {[%emt 0:00:02]} 23. Qd2 {[%emt 0:00:03]} Nh4+ {[%emt 0:00:17]} 24. Kh3 {[%emt 0:00:03]} Qxd2 {[%emt 0:00:07]} 25. Rxf8+ {[%emt 0:00:04]} Kxf8 {[%emt 0:00:08]} 26. Rxd2 {[%emt 0:00:00]} Ng6 {[%emt 0:00:02]} 27. Kg2 {[%emt 0:00:02]} Kg7 {[%emt 0:00:04]} 28. Rf2 {[%emt 0:00:01]} Ne5 {[%emt 0:00:01]} 29. Ne4 {[%emt 0:00:03]} Ra8 {[%emt 0:00:02]} 30. a3 {[%emt 0:00:02]} Ra4 {[%emt 0:00:01]} 31. Nc3 {[%emt 0:00:02]} Ra5 {[%emt 0:00:02]} 32. Rf5 {[%emt 0:00:03]} Nc4 {[%emt 0:00:05]} 33. Rxa5 {[%emt 0:00:02]} Nxa5 {[%emt 0:00:00]} 34. Ne4 {[%emt 0:00:02]} Nc4 {[%emt 0:00:01]} 35. b3 {[%emt 0:00:03]} Nxa3 {[%emt 0:00:01]} 36. Kf3 {[%emt 0:00:02]} Nxc2 {[%emt 0:00:01]} 37. Ng5 {[%emt 0:00:02]} Nd4+ {[%emt 0:00:01]} 38. Ke4 {[%emt 0:00:02]} Nxb3 {[%emt 0:00:03]} 39. Ne6+ {[%emt 0:00:01]} Kf6 {[%emt 0:00:01]} 40. Nxc7 {[%emt 0:00:01]} Nc5+ {[%emt 0:00:02]} 41. Kd4 {[%emt 0:00:02]} Ne6+ {[%emt 0:00:02]} 42. Nxe6 {[%emt 0:00:02]} Kxe6 {[%emt 0:00:00]} 43. h4 {[%emt 0:00:01]} Kf5 {[%emt 0:00:01] TimeW} 0-1

[Event "OeISM B U16"]
[Site "austriaU16b"]
[Date "2020.12.11"]
[Round "6"]
[White "Oberwirschtl"]
[Black "Sem55"]
[Result "0-1"]
[WhiteElo "1534"]
[BlackElo "1449"]
[Annotator "NA"]
[PlyCount "92"]
[EventDate "2020.12.11"]
[EventType "blitz"]

1. e4 {[%emt 0:00:06]} c5 {[%emt 0:00:06]} 2. Nf3 {[%emt 0:00:03]} Nc6 {[%emt 0:00:01]} 3. c3 {[%emt 0:00:02]} d5 {[%emt 0:00:01]} 4. exd5 {[%emt 0:00:05]} Qxd5 {[%emt 0:00:00]} 5. d4 {[%emt 0:00:04]} cxd4 {[%emt 0:00:01]} 6. Nxd4 {[%emt 0:00:00]} Nxd4 {[%emt 0:00:01]} 7. Qxd4 {[%emt 0:00:05]} Qxd4 {[%emt 0:00:01]} 8. cxd4 {[%emt 0:00:01]} Nf6 {[%emt 0:00:02]} 9. Nc3 {[%emt 0:00:02]} e6 {[%emt 0:00:09]} 10. Bf4 {[%emt 0:00:10]} Bb4 {[%emt 0:00:04]} 11. O-O-O {[%emt 0:00:04]} Bd7 {[%emt 0:00:07]} 12. Nb5 {[%emt 0:00:18]} Rc8+ {[%emt 0:00:18]} 13. Kb1 {[%emt 0:00:12]} a6 {[%emt 0:00:05]} 14. Nd6+ {[%emt 0:00:04]} Bxd6 {[%emt 0:00:04]} 15. Bxd6 {[%emt 0:00:00]} Rc6 {[%emt 0:00:15]} 16. Bg3 {[%emt 0:00:15]} O-O {[%emt 0:00:08]} 17. f3 {[%emt 0:00:05]} Rfc8 {[%emt 0:00:03]} 18. Bd3 {[%emt 0:00:03]} Nd5 {[%emt 0:00:13]} 19. Be4 {[%emt 0:00:16]} Rc4 {[%emt 0:00:22]} 20. Bd3 {[%emt 0:00:18]} R4c6 {[%emt 0:00:06]} 21. Be4 {[%emt 0:00:22]} g6 {[%emt 0:00:09]} 22. Be5 {[%emt 0:00:09]} Rc4 {[%emt 0:00:28]} 23. b3 {[%emt 0:00:15]} Nc3+ {[%emt 0:00:47]} 24. Kc2 {[%emt 0:00:22]} Nxd1+ {[%emt 0:00:08]} 25. bxc4 {[%emt 0:00:01]} Ne3+ {[%emt 0:00:04]} 26. Kd3 {[%emt 0:00:01]} Nxc4 {[%emt 0:00:02]} 27. Rc1 {[%emt 0:00:03]} b5 {[%emt 0:00:02]} 28. Bb7 {[%emt 0:00:07]} Nxe5+ {[%emt 0:00:02]} 29. Kd2 {[%emt 0:00:14]} Rxc1 {[%emt 0:00:00]} 30. Kxc1 {[%emt 0:00:01]} Nc4 {[%emt 0:00:02]} 31. Bxa6 {[%emt 0:00:02]} Bc6 {[%emt 0:00:02]} 32. Kc2 {[%emt 0:00:01]} Ne3+ {[%emt 0:00:02]} 33. Kd3 {[%emt 0:00:05]} Nxg2 {[%emt 0:00:02]} 34. Ke2 {[%emt 0:00:09]} Nf4+ {[%emt 0:00:02]} 35. Kf2 {[%emt 0:00:01]} Kf8 {[%emt 0:00:03]} 36. Ke3 {[%emt 0:00:02]} Nd5+ {[%emt 0:00:03]} 37. Kd3 {[%emt 0:00:01]} Nb4+ {[%emt 0:00:02]} 38. Kd2 {[%emt 0:00:01]} Nxa6 {[%emt 0:00:00]} 39. Kc3 {[%emt 0:00:00]} b4+ {[%emt 0:00:01]} 40. Kb3 {[%emt 0:00:02]} Ke7 {[%emt 0:00:01]} 41. a4 {[%emt 0:00:01]} bxa3 {[%emt 0:00:01]} 42. Kxa3 {[%emt 0:00:01]} Bxf3 {[%emt 0:00:00]} 43. Ka4 {[%emt 0:00:01]} Kd6 {[%emt 0:00:01]} 44. Kb5 {[%emt 0:00:00]} Kd5 {[%emt 0:00:01]} 45. Kxa6 {[%emt 0:00:01]} Kxd4 {[%emt 0:00:01]} 46. Kb5 {[%emt 0:00:00]} e5 {[%emt 0:00:02] Oberwirschtl resigns} 0-1

[Event "OeISM B U16"]
[Site "austriaU16b"]
[Date "2020.12.11"]
[Round "6"]
[White "PatrikStar"]
[Black "LPOHNEMICH"]
[Result "1/2-1/2"]
[WhiteElo "1375"]
[BlackElo "1455"]
[Annotator "NA"]
[PlyCount "65"]
[EventDate "2020.12.11"]
[EventType "blitz"]

1. e4 {[%emt 0:00:02]} b6 {[%emt 0:00:01]} 2. Nc3 {[%emt 0:00:02]} Bb7 {[%emt 0:00:00]} 3. Nf3 {[%emt 0:00:02]} e6 {[%emt 0:00:01]} 4. d4 {[%emt 0:00:02]} Bb4 {[%emt 0:00:02]} 5. Bd2 {[%emt 0:00:05]} Bxc3 {[%emt 0:00:02]} 6. Bxc3 {[%emt 0:00:01]} Bxe4 {[%emt 0:00:01]} 7. Qe2 {[%emt 0:00:01]} Bxf3 {[%emt 0:00:12]} 8. Qxf3 {[%emt 0:00:02]} d5 {[%emt 0:00:01]} 9. Bb5+ {[%emt 0:00:05]} Nd7 {[%emt 0:00:05]} 10. Bc6 {[%emt 0:00:02]} Rc8 {[%emt 0:00:06]} 11. Bb7 {[%emt 0:00:04]} Rb8 {[%emt 0:00:01]} 12. Bc6 {[%emt 0:00:04]} Ngf6 {[%emt 0:00:02]} 13. O-O {[%emt 0:00:08]} O-O {[%emt 0:00:04]} 14. Bb4 {[%emt 0:00:06]} Re8 {[%emt 0:00:05]} 15. a3 {[%emt 0:00:15]} a5 {[%emt 0:00:04]} 16. Bd2 {[%emt 0:00:04]} Ne4 {[%emt 0:00:12]} 17. Bf4 {[%emt 0:00:07]} Rf8 {[%emt 0:00:27]} 18. b4 {[%emt 0:00:13]} Qe7 {[%emt 0:00:21]} 19. bxa5 {[%emt 0:00:20]} bxa5 {[%emt 0:00:01]} 20. a4 {[%emt 0:00:03]} Rb6 {[%emt 0:00:09]} 21. Bxd7 {[%emt 0:00:10]} Qxd7 {[%emt 0:00:02]} 22. Qg4 {[%emt 0:00:07]} Nf6 {[%emt 0:00:14]} 23. Qf3 {[%emt 0:00:14]} Rc8 {[%emt 0:00:13]} 24. Be5 {[%emt 0:00:10]} Qe7 {[%emt 0:00:09]} 25. Rfc1 {[%emt 0:00:12]} h6 {[%emt 0:00:29]} 26. c4 {[%emt 0:00:05]} Rb4 {[%emt 0:00:16]} 27. cxd5 {[%emt 0:00:06]} Nxd5 {[%emt 0:00:02]} 28. Qg4 {[%emt 0:00:20]} Qg5 {[%emt 0:00:03]} 29. Qf3 {[%emt 0:00:22]} Kf8 {[%emt 0:00:22]} 30. Kh1 {[%emt 0:00:08]} Kg8 {[%emt 0:00:02]} 31. Kg1 {[%emt 0:00:03]} Qg6 {[%emt 0:00:06]} 32. Kf1 {[%emt 0:00:05]} Qg5 {[%emt 0:00:02]} 33. Kg1 {[%emt 0:00:02] Threefold Rep Threefold Rep} 1/2-1/2

[Event "OeISM B U16"]
[Site "austriaU16b"]
[Date "2020.12.11"]
[Round "7"]
[White "David04"]
[Black "CrushTheRush"]
[Result "1/2-1/2"]
[WhiteElo "2023"]
[BlackElo "1972"]
[Annotator "NA"]
[PlyCount "67"]
[EventDate "2020.12.11"]
[EventType "blitz"]

1. e4 {[%emt 0:00:02]} Nf6 {[%emt 0:00:01]} 2. e5 {[%emt 0:00:02]} Nd5 {[%emt 0:00:01]} 3. d4 {[%emt 0:00:01]} d6 {[%emt 0:00:02]} 4. c4 {[%emt 0:00:01]} Nb6 {[%emt 0:00:01]} 5. exd6 {[%emt 0:00:02]} cxd6 {[%emt 0:00:00]} 6. Bd3 {[%emt 0:00:03]} g6 {[%emt 0:00:01]} 7. h4 {[%emt 0:00:02]} h5 {[%emt 0:00:03]} 8. Nc3 {[%emt 0:00:10]} Nc6 {[%emt 0:00:01]} 9. Be3 {[%emt 0:00:02]} Bg7 {[%emt 0:00:01]} 10. Nge2 {[%emt 0:00:07]} e5 {[%emt 0:00:06]} 11. d5 {[%emt 0:00:11]} Ne7 {[%emt 0:00:02]} 12. f3 {[%emt 0:00:25]} Bf5 {[%emt 0:00:02]} 13. b3 {[%emt 0:00:08]} Rc8 {[%emt 0:00:07]} 14. a4 {[%emt 0:00:04]} Nd7 {[%emt 0:00:15]} 15. Bf2 {[%emt 0:00:34]} Qa5 {[%emt 0:00:03]} 16. O-O {[%emt 0:00:07]} O-O {[%emt 0:00:08]} 17. Ne4 {[%emt 0:00:26]} Bxe4 {[%emt 0:00:08]} 18. fxe4 {[%emt 0:00:06]} Nc5 {[%emt 0:00:02]} 19. Kh1 {[%emt 0:00:19]} f5 {[%emt 0:00:05]} 20. exf5 {[%emt 0:00:07]} Nxf5 {[%emt 0:00:02]} 21. Bxc5 {[%emt 0:00:11]} Qxc5 {[%emt 0:00:00]} 22. Bxf5 {[%emt 0:00:03]} Rxf5 {[%emt 0:00:00]} 23. Rxf5 {[%emt 0:00:02]} gxf5 {[%emt 0:00:00]} 24. Ng3 {[%emt 0:00:03]} e4 {[%emt 0:00:06]} 25. Ra2 {[%emt 0:00:06]} Qe3 {[%emt 0:00:21]} 26. Nxf5 {[%emt 0:00:02]} Qf4 {[%emt 0:00:17]} 27. Ne7+ {[%emt 0:00:01]} Kf7 {[%emt 0:00:02]} 28. Nxc8 {[%emt 0:00:11]} Qxh4+ {[%emt 0:00:10]} 29. Kg1 {[%emt 0:00:01]} Bd4+ {[%emt 0:00:18]} 30. Qxd4 {[%emt 0:00:01]} Qe1+ {[%emt 0:00:01]} 31. Kh2 {[%emt 0:00:01]} Qh4+ {[%emt 0:00:00]} 32. Kg1 {[%emt 0:00:03]} Qe1+ {[%emt 0:00:00]} 33. Kh2 {[%emt 0:00:01]} Qh4+ {[%emt 0:00:00]} 34. Kg1 {[%emt 0:00:01] Threefold Rep Threefold Rep} 1/2-1/2

[Event "OeISM B U16"]
[Site "austriaU16b"]
[Date "2020.12.11"]
[Round "7"]
[White "Daniel05"]
[Black "Marc_m"]
[Result "1/2-1/2"]
[WhiteElo "1837"]
[BlackElo "2004"]
[Annotator "NA"]
[PlyCount "127"]
[EventDate "2020.12.11"]
[EventType "blitz"]

1. d4 {[%emt 0:00:01]} Nf6 {[%emt 0:00:02]} 2. c4 {[%emt 0:00:00]} e6 {[%emt 0:00:01]} 3. Nc3 {[%emt 0:00:01]} Bb4 {[%emt 0:00:01]} 4. Qc2 {[%emt 0:00:01]} O-O {[%emt 0:00:07]} 5. e4 {[%emt 0:00:01]} d6 {[%emt 0:00:26]} 6. e5 {[%emt 0:00:01]} dxe5 {[%emt 0:00:01]} 7. dxe5 {[%emt 0:00:00]} Nfd7 {[%emt 0:00:02]} 8. Nf3 {[%emt 0:00:01]} Nc6 {[%emt 0:00:07]} 9. Bf4 {[%emt 0:00:01]} Re8 {[%emt 0:00:19]} 10. Bd3 {[%emt 0:00:09]} h6 {[%emt 0:00:03]} 11. O-O {[%emt 0:00:03]} Bf8 {[%emt 0:00:01]} 12. Rad1 {[%emt 0:00:04]} Kh8 {[%emt 0:00:13]} 13. Qe2 {[%emt 0:00:08]} Qe7 {[%emt 0:00:34]} 14. Bb1 {[%emt 0:00:14]} g6 {[%emt 0:00:10]} 15. a3 {[%emt 0:00:08]} a5 {[%emt 0:00:14]} 16. Nb5 {[%emt 0:01:02]} Nc5 {[%emt 0:00:15]} 17. Nfd4 {[%emt 0:00:01]} Nxd4 {[%emt 0:00:07]} 18. Rxd4 {[%emt 0:00:00]} Bg7 {[%emt 0:00:10]} 19. Qe3 {[%emt 0:00:37]} Kh7 {[%emt 0:00:23]} 20. Qh3 {[%emt 0:00:07]} b6 {[%emt 0:00:16]} 21. b4 {[%emt 0:00:24]} axb4 {[%emt 0:00:02]} 22. axb4 {[%emt 0:00:00]} Na6 {[%emt 0:00:01]} 23. Be4 {[%emt 0:00:01]} Rb8 {[%emt 0:00:04]} 24. Bc6 {[%emt 0:00:01]} Rh8 {[%emt 0:00:02]} 25. Na7 {[%emt 0:00:08]} Nxb4 {[%emt 0:00:05]} 26. Nxc8 {[%emt 0:00:04]} Rbxc8 {[%emt 0:00:00]} 27. Rd7 {[%emt 0:00:01]} Nxc6 {[%emt 0:00:03]} 28. Rxe7 {[%emt 0:00:01]} Nxe7 {[%emt 0:00:00]} 29. Rd1 {[%emt 0:00:17]} Rhd8 {[%emt 0:00:02]} 30. Rxd8 {[%emt 0:00:04]} Rxd8 {[%emt 0:00:00]} 31. Qf3 {[%emt 0:00:01]} Nc6 {[%emt 0:00:02]} 32. h4 {[%emt 0:00:04]} Nd4 {[%emt 0:00:06]} 33. Qe4 {[%emt 0:00:05]} Kg8 {[%emt 0:00:04]} 34. Kh2 {[%emt 0:00:06]} Bf8 {[%emt 0:00:01]} 35. Be3 {[%emt 0:00:03]} c5 {[%emt 0:00:01]} 36. h5 {[%emt 0:00:04]} g5 {[%emt 0:00:02]} 37. f4 {[%emt 0:00:01]} gxf4 {[%emt 0:00:02]} 38. Qxf4 {[%emt 0:00:01]} Nf5 {[%emt 0:00:01]} 39. Qg4+ {[%emt 0:00:02]} Kh8 {[%emt 0:00:03]} 40. Bf2 {[%emt 0:00:02]} Bg7 {[%emt 0:00:05]} 41. Bg3 {[%emt 0:00:02]} Nxg3 {[%emt 0:00:02]} 42. Qxg3 {[%emt 0:00:00]} Rd4 {[%emt 0:00:01]} 43. Qf3 {[%emt 0:00:05]} Bxe5+ {[%emt 0:00:02]} 44. g3 {[%emt 0:00:01]} Rxc4 {[%emt 0:00:02]} 45. Qxf7 {[%emt 0:00:03]} Rc2+ {[%emt 0:00:02]} 46. Kh3 {[%emt 0:00:01]} Rc3 {[%emt 0:00:04]} 47. Qf8+ {[%emt 0:00:01]} Kh7 {[%emt 0:00:01]} 48. Qf7+ {[%emt 0:00:01]} Bg7 {[%emt 0:00:00]} 49. Qg6+ {[%emt 0:00:02]} Kh8 {[%emt 0:00:00]} 50. Qe8+ {[%emt 0:00:02]} Kh7 {[%emt 0:00:01]} 51. Qg6+ {[%emt 0:00:01]} Kh8 {[%emt 0:00:02]} 52. Qxe6 {[%emt 0:00:00]} c4 {[%emt 0:00:04]} 53. Qe8+ {[%emt 0:00:02]} Kh7 {[%emt 0:00:01]} 54. Qe4+ {[%emt 0:00:02]} Kg8 {[%emt 0:00:02]} 55. Qd5+ {[%emt 0:00:04]} Kf8 {[%emt 0:00:03]} 56. Qd8+ {[%emt 0:00:01]} Kf7 {[%emt 0:00:01]} 57. Qc7+ {[%emt 0:00:01]} Kg8 {[%emt 0:00:02]} 58. Qxb6 {[%emt 0:00:02]} Rd3 {[%emt 0:00:03]} 59. Qc6 {[%emt 0:00:06]} Rd4 {[%emt 0:00:03]} 60. Qc8+ {[%emt 0:00:02]} Kh7 {[%emt 0:00:01]} 61. Qf5+ {[%emt 0:00:00]} Kg8 {[%emt 0:00:01]} 62. Qc8+ {[%emt 0:00:04]} Kh7 {[%emt 0:00:01]} 63. Qf5+ {[%emt 0:00:05]} Kg8 {[%emt 0:00:01]} 64. Qc8+ {[%emt 0:00:00] (Lag: Av=0.39s, max=1.2s)} 1/2-1/2